| 000 | 00382nam a2200133Ia 4500 | ||
|---|---|---|---|
| 008 | 220216s9999 xx 000 0 und d | ||
| 100 | _aSassa T | ||
| 245 | 0 | _aHeat bondable waterproof rubber sheet | |
| 260 | _bProceedings of the International Rubber Conference, Kobe, Japan, 1995; p233-236 | ||
| 650 | _aEPDM | ||
| 650 | _aWaterproof rubber | ||
| 700 | _aAoshima M | ||
| 942 | _cJS | ||
| 999 |
_c60245 _d60245 |
||